| 000 | 00354 a2200133 4500 | ||
|---|---|---|---|
| 005 | 20250516124247.0 | ||
| 020 | _a81.224-1665-9 | ||
| 082 | _a658.404 NAG | ||
| 100 | _aNAGARAJAN, K. | ||
| 245 | _aElement Project Management : As Per UPTU Syllabus. | ||
| 260 |
_aNew Delhi, _bNew Age, _c2005. |
||
| 300 |
_avii, 442p.: ill.; figure _c24cm. |
||
| 942 |
_2ddc _cBKS |
||
| 999 |
_c2406 _d2406 |
||